000 00581nam a2200181 4500
999 _c171291
_d171291
005 20200109162026.0
010 _aENG-127308
020 _a9789386078278
_c850.00
035 _aEN-110840
037 _bDBAD/PUB
082 _a306.85
100 _aMalik,Arpita
245 _aFamily Values :
_cby Arpita Malik
_bfundamental in Daily life /
260 _aDelhi
_bPrakashan kendra
_c2018
270 _a1/11955,First Floor road no.65 Subhash Marg.
_b New Delhi
_e110032
_manamikapublishers@yahoo.co.in
300 _a208p.
_c22cm(Hb)
942 _2ddc
_cEN
_h306.85
_mMAl